| 000 | 00715nam a2200277 a 4500 | ||
|---|---|---|---|
| 003 | AR-BaBNM | ||
| 005 | 20251128203834.0 | ||
| 008 | 082120s2002 ||||||||||||||000 | spa|| | ||
| 040 | _cAR-BaBNM | ||
| 100 | 1 | _aSilva, Clara | |
| 245 | 0 | 0 | _aGenio y figura de Delmira Agustini |
| 260 |
_aBuenos Aires _bEudeba _c1968 |
||
| 300 |
_a215 p. _bil. |
||
| 490 | 0 |
_aBiblioteca de América. Genio y figura _vv. 18 |
|
| 500 | _aContiene cronología | ||
| 500 | _aAntología poética | ||
| 650 | 4 | _aCRITICA LITERARIA | |
| 650 | 4 | _aBIOGRAFIAS | |
| 650 | 4 | _aVIDA LITERARIA | |
| 650 | 4 | _aPOESIA | |
| 650 | 4 | _aSIGLO VEINTE | |
| 653 | _aLITERATURA URUGUAYA | ||
| 655 | _aLITERATURA | ||
| 942 | _cBK | ||
| 998 | _cisola | ||
| 999 |
_c5124 _d5124 |
||